00684nam a2200217 u 4500001000500000005001700005008004100022035000900063040001300072041000800085082000800093100004100101245010000142260004300242300001300285500009200298650003300390650002300423502001200446526000800458415120260428104310.0950905s1995 ||||||m| spa  a4151 ccomduadb aspa 4a32110aLondoño Carvajal, German4auteaut14aLas islas de utopia : apuntes para una aproximacion al concepto de utopia como recurso politico aMedellín :b[sin publicador],c1995. a91 hojas aTesis(abogado)--Universidad de Antioquia.Facultad de Derecho y Ciencias Politicas,1995. 7aFilosofía política2lemb aViajes imaginarios b133c14 a135